[Event "Cochabamba Hurtado Memorial"]
[Site "Cochabamba"]
[Date "2023.08.04"]
[Round "1"]
[White "Acho Yujra, Adhemar Logan"]
[Black "Arias, Pablo"]
[Result "1/2-1/2"]
[WhiteElo "1261"]
[BlackElo "1987"]
[PlyCount "56"]
[EventDate "2023.08.04"]
[EventType "swiss"]
[EventRounds "7"]
[EventCountry "BOL"]
[SourceTitle "CBM 215 Extra"]
[Source "ChessBase"]
[SourceDate "2023.09.30"]
[SourceVersion "1"]
[SourceVersionDate "2023.09.30"]
[SourceQuality "1"]

1. d4 Nf6 2. c4 g6 3. Nc3 d5 4. cxd5 Nxd5 5. e4 Nxc3 6. bxc3 Bg7 7. Nf3 c5 8. Bc4 Qa5 9. Qb3 0-0 10. Bd2 a6 11. 0-0 b5 12. Bd5 c4 13. Qd1 Ra7 14. e5 Bf5 15. Re1 Rd7 16. Be4 e6 17. Bxf5 exf5 18. a4 Qb6 19. axb5 axb5 20. Rb1 Qc6 21. Qc1 Na6 22. Bh6 Nc7 23. Bxg7 Kxg7 24. e6 Re7 25. exf7 Rxe1+ 26. Qxe1 h6 27. Ne5 Qd5 28. Qe3 Ne6 1/2-1/2